Global development finance 2001 : (Record no. 346926)
[ view plain ]
| 000 -LEADER | |
|---|---|
| fixed length control field | 00852 a2200169 4500 |
| 020 ## - INTERNATIONAL STANDARD BOOK NUMBER | |
| International Standard Book Number | 0821348930 (paperback) |
| 020 ## - INTERNATIONAL STANDARD BOOK NUMBER | |
| International Standard Book Number | 9780821348932 (paperback) |
| 082 04 - DEWEY DECIMAL CLASSIFICATION NUMBER | |
| Classification number | 330 |
| 090 ## - LOCALLY ASSIGNED LC-TYPE CALL NUMBER (OCLC); LOCAL CALL NUMBER (RLIN) | |
| -- | 4483 |
| -- | 4483 |
| 100 1# - MAIN ENTRY--PERSONAL NAME | |
| Personal name | Bank, The World. |
| 245 10 - TITLE STATEMENT | |
| Title | Global development finance 2001 : |
| Remainder of title | complete print edition / |
| Statement of responsibility, etc. | The World Bank. |
| 260 ## - PUBLICATION, DISTRIBUTION, ETC. | |
| Place of publication, distribution, etc. | [S.l.] : |
| Name of publisher, distributor, etc. | Oxford University Press, USA, |
| Date of publication, distribution, etc. | 2001. |
| 300 ## - PHYSICAL DESCRIPTION | |
| Extent | 944 p. ; |
| Dimensions | 28 cm. |
| 520 ## - SUMMARY, ETC. | |
| Summary, etc. | The two volume set provides statistical data for 137 countries that report public and publicly guarenteed debt under World Bank Debt Reporting System. The tables are designed to facilitate cross-country comparison of key statistics, including summary statistical tables for income and regional groups. |
| 856 40 - ELECTRONIC LOCATION AND ACCESS | |
| Materials specified | Amazon.com |
| Uniform Resource Identifier | <a href="http://www.amazon.com/exec/obidos/ASIN/0821348930/chopaconline-20">http://www.amazon.com/exec/obidos/ASIN/0821348930/chopaconline-20</a> |
| 942 ## - ADDED ENTRY ELEMENTS (KOHA) | |
| Institution code [OBSOLETE] | NBS |
| Koha item type | Book |
| Call number prefix | 332 WOR |
| Withdrawn status | Lost status | Damaged status | Not for loan | Permanent Location | Current Location | Date acquired | Total Checkouts | Full call number | Barcode | Date last seen | Price effective from | Koha item type |
|---|---|---|---|---|---|---|---|---|---|---|---|---|
| Central Library (CL) | Central Library (CL) | 08/28/2013 | 332 WOR | NBS5721 | 08/28/2013 | 08/28/2013 | Book |
